000 01216nam a22004217a 4500
005 20260128111918.0
008 260128b2024 |||||||| |||| 00| 0 spa d
020 _a9786287528673
041 _aESP
082 _a617.645 P792o
100 _aPonce Palomares, Margarita
245 _aOrtopedia funcional de los maxilares en odontopediatría: rehabilitación neuroclusal precoz
260 _aColombia
260 _bAMOLCA
260 _c2024
300 _a569 páginas
300 _bFotografías a color
490 _aMecánica Dental
650 _aODONTOPEDIATRÍA
650 _aOROTPEDIA FUNCIONAL
650 _aAPARATOLOGÍA INTRAORAL
650 _aREHABILITACIÓN NEUROCLUSAL
650 _aFUNCIONES OROFACIALES
650 _aSISTEMA ESTOMATOGNÁTICO
650 _aFUNCIONES MASTICATORIAS
650 _aMORDIDA CRUZADA
650 _aANOMALÍAS DENTALES
650 _aOCLUSOPATÍAS
650 _aAPARATOS ORTOPÉDICOS
650 _aDENTICIÓN DECIDUA
650 _aDENTICIÓN MIXTA
650 _aDENTICIÓN PERMANENTE
650 _aDISFUNCIÓN TEMPOROMANDIBULAR
650 _aASIMETRÍA FACIAL
650 _aPISTAS CATACH
650 _aPOSTUROMETRÍA
942 _2ddc
_cBK
999 _c13864
_d13864